Produkcia bioplynu z reštauračných odpadov

Salvato in:
Dettagli Bibliografici
Autore principale: Hrušková, Lenka
Natura: Libro
Lingua:slovacco
Pubblicazione: Bratislava STU FCHPT 2009
Accesso online:Visualizza in OPAC
Tags: Aggiungi Tag
Nessun Tag, puoi essere il primo ad aggiungerne!!

MARC

LEADER 00000nam a2200000 a 4500
005 20260127134338.0
008 091202 2009 xo 000 0 slo d
035 |a vtls010026912 
039 9 |y 200912020820  |z mschk03 
040 |a STUSCHK1  |b slo  |c STUSCHK1  |e AACR2 
100 1 |a Hrušková, Lenka 
245 1 |a Produkcia bioplynu z reštauračných odpadov  |c Lenka Hrušková 
260 |a Bratislava  |b STU FCHPT  |c 2009 
300 |a 40 s.  |b il.  |c 30 cm 
500 |a Obháj.: 24.8. 2009 
500 |a Študijný program: chemická technológia 
500 |a Bakalárska práca 
500 |a Ústav chemického a environmentálneho inžinierstva, odd. environmentálneho inžinierstva 
500 |a Študijný odbor: 5.2.18 chemické technológie 
910 |a SCHK95 
999 |c 10432  |d 10432